Jak vedeme dialog s institucemi

Enregistré dans:
Détails bibliographiques
Auteur principal: Hoffmannová, Jana
Autres auteurs: Müllerová, Olga
Format: Livre
Langue:tchèque
Publié: Praha ACADEMIA 2000
Sujets:
Tags: Ajouter un tag
Pas de tags, Soyez le premier à ajouter un tag!

MARC

LEADER 00000nam a2200000 4500
001 c125012
005 20221108093222.9
020 |a 80-200-0446-7 
041 0 |a cze 
044 |a CZ 
245 1 0 |a Jak vedeme dialog s institucemi  |c Jana Hoffmannová, Olga Müllerová 
264 1 |a Praha  |b ACADEMIA  |c 2000 
300 |a 188 s. 
610 2 0 |a komunikácia sociálna 
610 2 0 |a dôchodcovia 
610 2 0 |a inštitúcia 
610 2 0 |a vzťahy spoločenské 
610 2 0 |a lekári 
610 2 0 |a zákazníci 
610 2 0 |a výskum 
610 2 0 |a terminológia 
610 2 0 |a čeština 
100 1 |a Hoffmannová, Jana 
700 1 |a Müllerová, Olga